| 000 | 00581nam a22001817a 4500 | ||
|---|---|---|---|
| 005 | 20251027161816.0 | ||
| 008 | 251027b |||||||| |||| 00| 0 eng d | ||
| 020 | _a9781608310807 | ||
| 050 |
_aRT41 _b.T46 |
||
| 245 |
_aBrunner & Suddarth's Textbook of Medical- Surgical Nursing _cSuzanne C. Smeltzer et al., |
||
| 250 | _a12th ed. | ||
| 260 |
_aPhiladelphia _bWolters Kluwer/Lippincott Williams & Wilkins _c2010 |
||
| 300 |
_axxvii. 2240p. _bill. color _c28cm |
||
| 500 | _aincludes index | ||
| 650 | _2Nursing | ||
| 700 | _aSmeltzer, C. Suzanne | ||
| 942 |
_2lcc _cBK _e12th ed. _n0 |
||
| 999 |
_c7819 _d7819 |
||